000 00378nam a2200157Ia 4500
100 _aRiggs/Roger/ Taivalsaari /A
650 _aWireless
942 _cBK
366 _f20
654 _awireless devices
245 _aProgramming wireless devices with the Java 2 Platform
260 _bPearson Education
_c2003
082 _a5.133
_bRIG
300 _a434
546 _aENGLISH
999 _c26042
_d26042